'S' Countries by Continent Quiz Stats

 Plays Quiz not verified by Sporcle

Also try: The Denmark Quiz
Challenge
Share
Tweet
Embed
Score 0/27 Timer 03:00
1 Play Today
Question Answer Wrong Answers
Spain Europe
97.1%
Asia
0.3%
Africa
0.1%
North America
0.2%
Sweden Europe
96.8%
Asia
0.1%
Africa
0.3%
Oceania
0.1%
Switzerland Europe
96.8%
Asia
0.2%
North America
0.2%
Oceania
0.4%
Slovakia Europe
96.5%
Asia
0.5%
South America
0.2%
North America
0.2%
South Korea Asia
96.4%
Africa
0.7%
Oceania
0.4%
South America
0.1%
South Africa Africa
96.4%
Asia
0.4%
North America
0.2%
Europe
0.3%
Sudan Africa
96.3%
Europe
0.3%
South America
0.4%
Oceania
0.4%
Slovenia Europe
96%
Asia
0.9%
Oceania
0.2%
Africa
0.4%
South Sudan Africa
94.8%
Asia
2.2%
Europe
0.4%
Oceania
0.1%
Singapore Asia
94.8%
Oceania
2.2%
Africa
0.6%
South America
0.2%
Somalia Africa
94.5%
Asia
2%
Europe
0.6%
North America
0.3%
Swaziland Africa
94.5%
Asia
1.3%
South America
0.9%
Oceania
0.9%
Serbia Europe
93.5%
Asia
3.1%
Africa
0.8%
North America
0.1%
Sierra Leone Africa
93.4%
Asia
1.9%
Oceania
0.7%
South America
1.5%
Saudi Arabia Asia
93.3%
Africa
3.3%
Europe
0.7%
South America
0.1%
Senegal Africa
93.2%
Asia
2.6%
South America
1.4%
North America
0.4%
Sri Lanka Asia
92.7%
Oceania
1%
Africa
3.3%
North America
0.4%
San Marino Europe
92.2%
Asia
0.5%
South America
3.7%
Africa
1%
Syria Asia
89.5%
Africa
5.3%
Europe
2.5%
Oceania
0.2%
Samoa Oceania
89.5%
Asia
5.5%
North America
1.8%
Europe
0.6%
St. Kitts and Nevis North America
89.2%
South America
5.2%
Asia
1%
Africa
1.8%
Solomon Islands Oceania
89.2%
North America
3.2%
South America
2.3%
Asia
2.7%
St. Lucia North America
89.1%
Oceania
5.6%
Asia
0.5%
Europe
2.2%
St. Vincent & The Grenadines North America
89%
Africa
1.8%
Oceania
5.3%
Europe
1.3%
Suriname South America
87.3%
North America
2.6%
Oceania
6.2%
Europe
1.2%
Seychelles Africa
76.7%
Asia
9.8%
Oceania
8.7%
North America
2.4%
São Tomé and Príncipe Africa
74.4%
Asia
2.7%
South America
9.6%
Oceania
10.7%

You're not logged in!

Compare scores with friends on all Sporcle quizzes.
OR
Log In

You Might Also Like...

Show Comments

Extras

Top Quizzes Today


Score Distribution

Your Account Isn't Verified!

In order to create a playlist on Sporcle, you need to verify the email address you used during registration. Go to your Sporcle Settings to finish the process.

Report this User

Report this user for behavior that violates our Community Guidelines.

Details: